Exenciones, franquicias y beneficio de carácter tributario en la legislación sobre viviendas económicas
Guardado en:
| Autor principal: | |
|---|---|
| Formato: | Libro |
| Lenguaje: | español |
| Publicado: |
Santiago
Jurídica de Chile
1967
|
| Colección: | Seminario de Derecho Comercial, 6
|
| Materias: | |
| Etiquetas: |
Agregar Etiqueta
Sin Etiquetas, Sea el primero en etiquetar este registro!
|
MARC
| LEADER | 00000nam a2200000 a 4500 | ||
|---|---|---|---|
| 001 | UCS0497 | ||
| 003 | CL-VaPUC | ||
| 008 | 970426e19670000CL |||||||||||||||||spa|d | ||
| 082 | 0 | 4 | |a 343.052 |b HUE |2 21 |
| 100 | 0 | |a Huenchullán Pino, Arturo |e author |9 384090 | |
| 245 | 1 | 0 | |a Exenciones, franquicias y beneficio de carácter tributario en la legislación sobre viviendas económicas |
| 300 | |a 137 p | ||
| 942 | |c BK | ||
| 945 | |d 19970426 00:00:00 |a paguirre | ||
| 260 | |a Santiago |b Jurídica de Chile |c 1967 | ||
| 650 | 0 | |a Derecho tributario |9 258895 | |
| 650 | 7 | |a EXCEPCIONES TRIBUTARIAS |2 CL-VaPUC |9 384091 | |
| 650 | 0 | |a Franquicias tributarias |9 384092 | |
| 650 | 0 | |a Cooperativas de viviendas |9 416077 | |
| 650 | 0 | |a Vivienda |9 258662 | |
| 650 | 0 | |a Problemas sociales |9 258537 | |
| 583 | |a last modification |c 19970426 00:00:00 |k Rodrigo Vera | ||
| 490 | 0 | |a Seminario de Derecho Comercial, 6 | |
| 999 | |c 258724 |d 258722 | ||
| 952 | |0 0 |1 0 |4 0 |6 343_052000000000000_HUE_1967 |7 0 |8 A |9 283001 |a BIBDER |b BIBDER |d 2019-11-19 |i 183617K |o 343.052 HUE 1967 |p 183617K |r 2023-01-25 |w 2019-11-19 |y BK |k DER | ||